[Event "RN-2011-0-00372"]
[Site "LSS email"]
[Date "2011.04.19"]
[Round "?"]
[White "Turk, Stuart"]
[Black "Lombardi, Donato"]
[Result "0-1"]
[WhiteElo "800"]
[BlackElo "775"]
[PlyCount "44"]
[EventDate "2011.04.07"]
[EventType "tourn (corr)"]
[EventRounds "6"]
[EventCountry "GER"]
[SourceTitle "Telechess CBM 147"]
[Source "ChessBase"]
[SourceDate "2012.03.16"]
[SourceVersion "1"]
[SourceVersionDate "2012.03.16"]
[SourceQuality "1"]

1. e4 e6 2. Nf3 d5 3. exd5 exd5 4. h3 Bd6 5. d4 Nf6 6. Be2 0-0 7. 0-0 Bf5 8. Bd3 Bxd3 9. Qxd3 Nbd7 10. a3 c6 11. Qd1 Qc7 12. Be3 Rfe8 13. Nc3 h6 14. Re1 a6 15. Qd2 b5 16. Ne2 Ne4 17. Qc1 f5 18. Nh4 Ndf6 19. Nxf5 Bf8 20. Nfg3 Bd6 21. Nxe4 Nxe4 22. Rf1 a5 0-1

[Event "OP-2011-0-01475"]
[Site "LSS email"]
[Date "2011.04.04"]
[Round "?"]
[White "Turk, Stuart"]
[Black "Dixon, Grant"]
[Result "0-1"]
[WhiteElo "800"]
[BlackElo "412"]
[PlyCount "92"]
[EventDate "2011.03.31"]
[EventType "tourn (corr)"]
[EventRounds "4"]
[EventCountry "GER"]
[SourceTitle "Telechess CBM 147"]
[Source "ChessBase"]
[SourceDate "2012.03.16"]
[SourceVersion "1"]
[SourceVersionDate "2012.03.16"]
[SourceQuality "1"]

1. e4 e5 2. Nf3 Nc6 3. a3 Nh6 4. Bc4 Na5 5. Ba2 d6 6. h3 Be7 7. d3 0-0 8. Nc3 c5 9. Bxh6 b6 10. Bd2 Ba6 11. 0-0 Qd7 12. Nd5 Rae8 13. Bxa5 bxa5 14. Nxe7+ Qxe7 15. Qd2 a4 16. b3 axb3 17. Bxb3 Ra8 18. Bd5 Rab8 19. Rab1 Bb5 20. c4 Ba4 21. Rxb8 Rxb8 22. Ng5 Be8 23. f4 h6 24. Nf3 Rc8 25. fxe5 Bc6 26. Bxc6 Rxc6 27. exd6 Rxd6 28. e5 Ra6 29. Ra1 f6 30. Qe3 Re6 31. Re1 g5 32. Nd2 Rxe5 33. Ne4 f5 34. Nf6+ Kf7 35. Qxe5 Qxe5 36. Rxe5 Kg6 37. Rxc5 Kxf6 38. Rc7 h5 39. Rxa7 f4 40. Ra5 h4 41. Rd5 Ke6 42. a4 Kf6 43. a5 g4 44. hxg4 h3 45. gxh3 Ke6 46. a6 f3 0-1